Princípy, aspekty a nástroje harmonizácie podmienok trhu verejných služieb hromadnej osobnej dopravy
Dopravno-politické princípy harmonizácie podmienok trhu verejných dopravných služieb. Ekonomické aspekty dopravnej obslužnosti územia ako objektu harmonizácie. Akčný rámec harmonizácie trhu verejných dopravných služieb. Zákon o verejnej hromadnej doprave ako možný vrcholový nástroj harmonizácie podm...
Gespeichert in:
| 1. Verfasser: | |
|---|---|
| Format: | Buchkapitel |
| Sprache: | Slowakisch |
| Schlagworte: | |
| Tags: |
Keine Tags, Fügen Sie das erste Tag hinzu!
|
MARC
| LEADER | 00000naa$a2200000$$$4500 | ||
|---|---|---|---|
| 001 | 0037688 | ||
| 005 | 20230825090705.1 | ||
| 041 | 0 | |a slo | |
| 044 | |a SK | ||
| 245 | 1 | 0 | |a Princípy, aspekty a nástroje harmonizácie podmienok trhu verejných služieb hromadnej osobnej dopravy |c Stanislav Hreusík |
| 520 | |a Dopravno-politické princípy harmonizácie podmienok trhu verejných dopravných služieb. Ekonomické aspekty dopravnej obslužnosti územia ako objektu harmonizácie. Akčný rámec harmonizácie trhu verejných dopravných služieb. Zákon o verejnej hromadnej doprave ako možný vrcholový nástroj harmonizácie podmienok trhu. | ||
| 610 | 2 | 0 | |a doprava osobná |
| 610 | 2 | 0 | |a trh dopravný |
| 610 | 2 | 0 | |a doprava hromadná |
| 610 | 2 | 0 | |a služby verejné |
| 610 | 2 | 0 | |a harmonizácia |
| 610 | 2 | 0 | |a trh |
| 610 | 2 | 0 | |a zákony |
| 610 | 2 | 0 | |a Slovensko |
| 100 | 1 | |a Hreusík, Stanislav | |